| 000 | 00434cam a2200169ua 4500 | ||
|---|---|---|---|
| 041 |
_aeng _h |
||
| 082 |
_a664.07 _bMOR/HA |
||
| 100 | _aMortimore, Sara . | ||
| 245 |
_aHACCP:A practical approach / _cSara mortimore. _hTextual Documents |
||
| 260 |
_aLondon : _bChapman and Hall Ltd , _c1995. |
||
| 300 | _a297 ; . | ||
| 500 | _a19877 Reference | ||
| 504 | _a | ||
| 700 | 1 | _aWallace, Carol . | |
| 942 | _cBK | ||
| 999 |
_c4811 _d4811 |
||